Az ovoda karácsonfája
Vianočný stromček pre deti v detskej opatrovni v Revúcej v decembri 1912 pripravili opatrovateľka Emma Kemény, predsedníčka organizačného výboru Tóth Kálmánné, Adriányi Ernőné, vdova Beél Gyuláné, Dr. Horáczy Ferenczné, Dr. Vieszt Károlyné, riaditeľ Lechnitzky Štefan. 50-timi korunami prispela Spori...
| Médium: | Článok |
|---|---|
| Jazyk: | Hungarian |
| Témy: | |
| Zdroj: |
1. Murányvölgye : Szépirodalmi, társadalmi és közgazdasági hetilap 1. Roč. 2, č. 51 (22.12.1912) s. 3 |
| LEADER | 01272nab#a2200313#ar4500 | ||
|---|---|---|---|
| 001 | 000069749 | ||
| 003 | SVKKK | ||
| 005 | 20000531xxxxxxx. | ||
| 008 | 06 c xo huno | ||
| FMT | |||
| 038 | |a SVKKK | ||
| 040 | |a SVKKK |b slo |e AACR2 | ||
| 041 | 0 | |a hun | |
| 044 | |a xo |c SK | ||
| 080 | |a 177.7 | ||
| 080 | |a 362.7 | ||
| 080 | |a 372.3 | ||
| 242 | 1 | 0 | |a Vianočný stromček pre detskú opatrovňu |
| 245 | 0 | 0 | |a Az ovoda karácsonfája |
| 520 | 2 | |a Vianočný stromček pre deti v detskej opatrovni v Revúcej v decembri 1912 pripravili opatrovateľka Emma Kemény, predsedníčka organizačného výboru Tóth Kálmánné, Adriányi Ernőné, vdova Beél Gyuláné, Dr. Horáczy Ferenczné, Dr. Vieszt Károlyné, riaditeľ Lechnitzky Štefan. 50-timi korunami prispela Sporiteľňa v Revúcej, Maximilián (Miksa) Wachsberger daroval deťom rukavice. | |
| 650 | 0 | 4 | |a dobročinnosť - opatrovňa detská, Revúca (RV)(adresát) - december 1912 - slávnosť vianočná - darcovia - menoslovy - informácie |
| 773 | 0 | |t Murányvölgye : Szépirodalmi, társadalmi és közgazdasági hetilap |g Roč. 2, č. 51 (22.12.1912) s. 3 | |
| 957 | |a Revúca | ||
| 958 | |a DG | ||
| 958 | |a SK | ||
| 974 | |a ebl |d 20000531 | ||
| 992 | |a RBX | ||
| BAS | |||
| 998 | |a RETRO | ||